000 00872nam a22001577a 4500
003 OSt
005 20160225135333.0
008 160225b xxu||||| |||| 00| 0 eng d
040 _cRUA
082 _aVEM ROE 2014 B439 Or.1
100 _97476
_aROEM KOSAL ; រឹម កុសល
245 _aStudy on prevalence and efficiency of anti-parasites on gastro intestinal tract of dogs in borseth district, kampong speu province, ការសិក្សាពីកម្រិតរាលដាល និងប្រសិទ្ធភាពឱសថចំពោះការទម្លាក់បរាសិតក្នុងក្រពេះពោះវៀនរបស់សុនខក្នុងស្រុកបរសេដ្ឋ ខេត្តកំពង់ស្ពឹ
260 _aPhnom Penh
_bRUA
_c2014
300 _axii ;46p.
_bill.
_c29cm.
942 _2ddc
_cVEM
999 _c7063
_d7063